000 00860nam a2200253Ia 4500
003 OSt
005 20221005110954.0
006 a|||||r|||| 00| 0
007 ta
008 221004b |||||||| |||| 00| 0 hin d
020 _a9788183612167 (hbk)
_c250
024 _a97176
037 _b574, 23/03/2009, Vani Prakashan
_cTextual
040 _aCRL
_cCRL
_bhin
041 _2hin
_ahin
082 _aY72.2, 152P8
100 _aगुप्ता, रमणिका, संपा.
245 0 _aआदिवासी कौन
246 _aĀdivāsī kauna
260 _aनई दिल्ली
_bराधाकृष्ण भारत
_c2008
300 _a203पृ0
_ccm.
942 _hY72.2, 152P8
_cTEXL
_2cc
999 _c1020430
_d1020430